000 00602nam a2200181Ia 4500
008 100920s9999 xx 000 0 und d
082 _b59594
_a891.464 थ 92
100 _aदेशपांडे ना. व्यं.
245 _aसरकार ते सरकार.
260 _bमौज प्रकाशन गृह, मुंबई.
_c1992
300 _a224
_bसाधी
365 _b100
520 _aनिबंध.
630 _aसरकार ते सरकार.
650 _aनिबंध.
730 _aसरकार ते सरकार.
942 _cBOOK
999 _c702989
_d702986